Rulers of Westeros (Iron Throne Version) - Statistics

General Stats
  • This quiz has been taken 318 times
  • The average score is 21 of 23
Answer Stats
Ruler % Correct
{Aegon} III Targaryen (the Dragonbane)
100%
{Aegon} II Targaryen (the Usurper)
100%
{Aegon} I Targaryen (the Conqueror)
100%
{Aegon} IV Targaryen (the Unworthy)
100%
{Aegon} V Targaryen (the Unlikely)
100%
{Robert} I Baratheon (the Usurper)
100%
{Bran} I Stark (the Broken)
99%
{Cersei} I Lannister
98%
{Joffrey} I Baratheon (the Illborn)
98%
{Daenerys} I Targaryen (Stormborn)
97%
{Tommen} I Baratheon
97%
{Aerys} I Targaryen
95%
{Aerys} II Targaryen (the Mad King)
94%
{Viserys} I Targaryen (the Young King)
94%
{Viserys} II Targaryen
93%
{Maegor} I Targaryen (the Cruel)
90%
{Baelor} I Targaryen (the Blessed)
89%
{Jaehaerys} II Targaryen
86%
{Jaehaerys} I Targaryen (the Conciliator)
86%
{Daeron} II Targaryen
82%
{Daeron} I Targaryen (the Young Dragon)
82%
{Maekar} I Targaryen
81%
{Aenys} I Targaryen
80%
No matching quizzes found
Score Distribution
Percent of People with Each Score
Percentile by Number Answered
Your Score History
You have not taken this quiz